Révoltes, révolutions, cinéma
Guardat en:
| Autor principal: | |
|---|---|
| Autor corporatiu: | |
| Format: | Llibre |
| Idioma: | francès |
| Publicat: |
París
Centre Georges Pompidou
1989
|
| Col·lecció: | Cinéma. Pluriel. dirigée par Jean-Loup Passek
|
| Matèries: | |
| Etiquetes: |
Afegir etiqueta
Sense etiquetes, Sigues el primer a etiquetar aquest registre!
|
MARC
| LEADER | 00000nam a2200000 a 4500 | ||
|---|---|---|---|
| 001 | UCV9969 | ||
| 003 | CL-VaPUC | ||
| 008 | 930819e19890000FR |||||||||||||||||fre|d | ||
| 082 | 0 | 4 | |a 791.43 |b FER |2 21 |
| 100 | 0 | |a Ferro, Marc |e author |9 303963 | |
| 110 | 2 | |a Centre Georges Pompidou, Francia |e author |9 303964 | |
| 245 | 1 | 0 | |a Révoltes, révolutions, cinéma |
| 300 | |a 311 p | ||
| 942 | |c BK | ||
| 945 | |d 19930819 00:00:00 | ||
| 260 | |a París |b Centre Georges Pompidou |c 1989 | ||
| 500 | |a Obra publicada con ocasión de la manifestación Révoltes, révolutions, cinéma presentada en el Centre Georges Pompidou, nov. 1898 a enero 1990, en París | ||
| 650 | 0 | |a Cine |9 225706 | |
| 650 | 0 | |a Aspectos políticos |9 257400 | |
| 650 | 0 | |a Aspectos sociales |9 254894 | |
| 583 | |a last modification |c 20180314 14:49:11 |k Rodrigo Vera | ||
| 490 | 0 | |a Cinéma. Pluriel. dirigée par Jean-Loup Passek | |
| 999 | |c 215236 |d 215234 | ||
| 952 | |0 0 |1 0 |4 0 |6 791_430000000000000_FER_1989 |7 0 |8 A |9 199286 |a BIBART |b BIBART |d 2019-11-14 |i 1208020 |o 791.43 FER 1989 |p 1208020 |r 2025-03-13 |w 2019-11-14 |y BK |k ART | ||